| 000 | 01087cam a22002771i 4500 | ||
|---|---|---|---|
| 003 | SA-RiAUC | ||
| 005 | 20241009134249.0 | ||
| 008 | 241008s2002 jo g 001 0 ara c | ||
| 040 |
_aJO-ZaHU _bara _cSA-RiAUC _erda |
||
| 082 | 0 | 4 |
_a414 _qSA-RiAUC |
| 090 |
_a414 _b ل خ م |
||
| 100 | 1 |
_aاللخمي، محمد بن أحمد بن هشام، _dتوفي 577 هجري _eمؤلف. |
|
| 245 | 1 | 0 |
_aشرح الفصيح / _cلابن هشام اللخمي ؛ دراسة وتحقيق مهدي عبيد جاسم. |
| 264 | 1 |
_aعمان، الأردن : _bدار عمار، _c2002 |
|
| 300 |
_a452 صفحة ؛ _c24 سم |
||
| 336 |
_aنص _btxt _2rdacontent _3كتاب |
||
| 337 |
_aبدون وسيط _bn _2rdamedia |
||
| 338 |
_aمجلد _bnc _2rdacarrier |
||
| 500 | _aيشتمل على كشافات. | ||
| 650 | 7 |
_aالبلاغة العربية _2aucsh |
|
| 700 | 1 | 2 |
_aثعلب، أحمد بن يحيى بن زيد، _d200-291 هجري |
| 700 | 1 |
_aجاسم، مهدي عبيد _eمحقق. |
|
| 740 | 2 | 2 | _aالفصيح. |
| 942 |
_2ddc _cBOOK _n0 |
||
| 949 |
_aSA-JeALM _d241008 _umohamedma123 _n1 |
||
| 999 |
_c1080 _d1080 |
||